000
00220nam a2200097Ia 4500
008
190216s9999||||xx |||||||||||||| ||und||
100
_a
Kovoor.E.M
245
0
_a
Public Realations
260
_b
Kerala Basha Inst
942
_c
BK
999
_c
9570
_d
9570